000 00356nam a2200157Ia 4500
005 20240506020937.0
008 240331s9999 xx 000 0 und d
020 _a3928112635
082 _bHEI
_a331.6
100 _aHeidemann, Frank
245 0 _aKanganies in Sri Lanka and Malaysia
260 _a
300 _a110 p .,
650 _aLaws
942 _cL
999 _c2695
_d2695